Unlawful Competition / (Record no. 737)

MARC details
000 -LEADER
fixed length control field 00548nam a22001697a 4500
005 - DATE AND TIME OF INPUT
control field 20231116135018.0
008 - DATA ELEMENTS--GENERAL INFORMATION
fixed length control field 231116b |||||||| |||| 00| 0 eng d
020 ## - INTERNATIONAL STANDARD BOOK NUMBER
International Standard Book Number 0409045691
041 ## - LANGUAGE CODE
Language code of text English
082 ## - SHELF NUMBER
DDC number 343.7 VAN
100 ## - MAIN AUTHOR
Main author's name Van Heerden, HJO and Neethling, J
Language of a work English
245 ## - TITLE STATEMENT
Title Unlawful Competition /
Statement of responsibility, etc. HJO Van Heerden and J Neethling
260 ## - PUBLICATION, DISTRIBUTION, ETC.
Place of publication, distribution, etc. Durban :
Name of publisher, distributor, etc. Butterworth Publishers (Pty) Ltd,
Date of publication, distribution, etc. 1995
300 ## - PHYSICAL DESCRIPTION
Other physical details xi, 377 pages ;
Dimensions 25 cm.
650 ## - SUBJECT`
Broad subject Legal practice
Own subject terms Law
942 ## - ADDED ENTRY ELEMENTS (KOHA)
Item type Books
942 ## - ADDED ENTRY ELEMENTS (KOHA)
-- ALISON_BN_VRIES
Holdings
Source of classification or shelving scheme Not for loan Collection code Home library Current library Shelving location Date acquired Full call number Barcode Price effective from Koha item type
Dewey Decimal Classification   TEXT BOOKS LAW SOCIETY OF NAMIBIA LIBRARY - WINDHOEK LAW SOCIETY OF NAMIBIA LIBRARY - WINDHOEK Competition 11/16/2023 343.7 VAN LSN/1998/78 11/16/2023 Books